ABC Animal Jamboree - Statistics

General Stats
  • This quiz has been taken 36 times
  • The average score is 21 of 26
Answer Stats
Picture Hint Answer % Correct
C Crocodile (Nile)
88%
D Dolphin (Bottlenose)
88%
E Elephant (African Bush)
88%
F Frog (Red-Eyed Tree)
88%
G Giraffe (Northern)
88%
J Jellyfish (Atlantic Sea)
88%
L Lion (African)
88%
N Narwhal
88%
O Octopus (Giant Pacific)
88%
P Penguin (King)
88%
R Rhinoceros (Black)
88%
S Shark (Great White)
88%
T Tiger (Bengal)
88%
H Hippopotamus (Common)
83%
I Iguana (Green)
83%
K Kangaroo (Red)
83%
M Monkey (Black Howler)
83%
W Whale (Humpback)
83%
Y Yak (Wild)
83%
Z Zebra (Plains)
83%
V Vulture (Turkey)
79%
B Boa constrictor
75%
A Angelfish (Queen)
71%
Q Quetzal (Resplendent)
63%
X X-ray fish
58%
U Umbrellabird (Bare-necked)
50%
No matching quizzes found
Score Distribution
Percent of People with Each Score
Percentile by Number Answered
Your Score History
You have not taken this quiz